书目信息 |
| 题名: |
中国共产党治党治国的哲学智慧
|
|
| 作者: | 赵剑英 主编 | |
| 分册: | ||
| 出版信息: | 北京 中国社会科学出版社 2021.07 |
|
| 页数: | 226页, [3] 页图版 | |
| 开本: | 25cm | |
| 丛书名: | ||
| 单 册: | ||
| 中图分类: | D25-53 | |
| 科图分类: | ||
| 主题词: | ||
| 电子资源: | ||
| ISBN: | 978-7-5203-8603-6 | |
| 000 | 01435nam0 2200277 450 | |
| 001 | 202021044923 | |
| 005 | 20211025120153.0 | |
| 010 | @a978-7-5203-8603-6@dCNY128.00 | |
| 100 | @a20211006d2021 em y0chiy50 ea | |
| 101 | 0 | @achi |
| 102 | @aCN@b110000 | |
| 105 | @aaf a 000yy | |
| 106 | @ar | |
| 200 | 1 | @a中国共产党治党治国的哲学智慧@Azhong guo gong chan dang zhi dang zhi guo de zhe xue zhi hui@d= CPC's philosophical wisdom on governance of the party and state@e第二届中国哲学家论坛文集@f赵剑英主编@zeng |
| 210 | @a北京@c中国社会科学出版社@d2021.07 | |
| 215 | @a226页, [3] 页图版@c彩图@d25cm | |
| 314 | @a赵剑英, 现任中国社会科学院中国社会科学出版社党委书记、社长, 编审 (二级) 。 | |
| 320 | @a有书目 | |
| 330 | @a本书为第二届中国哲学家论坛文集。17位国内知名哲学家围绕“中国共产党治党治国的哲学智慧”这一主题, 从哲学的视角探讨了“百年未有之大变局”这一判断的丰富内涵和重要意义, 探究了“百年未有之大变局”背景下中国共产党的哲学智慧, 对推动新时代中国特色社会主义发展具有重要现实意义, 对推动马克思主义中国化和当代中国哲学研究发展具有重要理论价值。 | |
| 510 | 1 | @aCPC's philosophical wisdom on governance of the party and state@zeng |
| 517 | 1 | @a第二届中国哲学家论坛文集@Adi er jie zhong guo zhe xue jia lun tan wen ji |
| 601 | 02 | @a中国共产党@Azhong guo gong chan dang@x执政@j文集 |
| 690 | @aD25-53@v5 | |
| 701 | 0 | @a赵剑英@Azhao jian ying@4主编 |
| 801 | 0 | @aCN@c20210909 |
| 905 | @a河南城建学院图书馆@dD25-53@eZ308 | |
| 中国共产党治党治国的哲学智慧= CPC's philosophical wisdom on governance of the party and state:第二届中国哲学家论坛文集/赵剑英主编.-北京:中国社会科学出版社,2021.07 |
| 226页, [3] 页图版:彩图;25cm |
| ISBN 978-7-5203-8603-6:CNY128.00 |
| 本书为第二届中国哲学家论坛文集。17位国内知名哲学家围绕“中国共产党治党治国的哲学智慧”这一主题, 从哲学的视角探讨了“百年未有之大变局”这一判断的丰富内涵和重要意义, 探究了“百年未有之大变局”背景下中国共产党的哲学智慧, 对推动新时代中国特色社会主义发展具有重要现实意义, 对推动马克思主义中国化和当代中国哲学研究发展具有重要理论价值。 |
| ● |
| 相关链接 |
|
|
|
正题名:中国共产党治党治国的哲学智慧
索取号:D25-53/Z308
 
预约/预借
| 序号 | 登录号 | 条形码 | 馆藏地/架位号 | 状态 | 备注 |
| 1 | 1544583 | 215445837 | 社科库509/509社科库 69排2列3层/ [索取号:D25-53/Z308] | 在馆 |